<?xml version="1.0" encoding="UTF-8"?>
<record
    xmlns:xsi="http://www.w3.org/2001/XMLSchema-instance"
    xsi:schemaLocation="http://www.loc.gov/MARC21/slim http://www.loc.gov/standards/marcxml/schema/MARC21slim.xsd"
    xmlns="http://www.loc.gov/MARC21/slim">

  <leader>00539nam a22001817a 4500</leader>
  <controlfield tag="003">BDDh-ASL</controlfield>
  <controlfield tag="005">20231015031102.0</controlfield>
  <controlfield tag="008">221229s1925    ii ||||| |||| 00| 0 a   d</controlfield>
  <datafield tag="040" ind1=" " ind2=" ">
    <subfield code="a">BDDh-ASL</subfield>
    <subfield code="c">BDDh-ASL</subfield>
  </datafield>
  <datafield tag="041" ind1=" " ind2=" ">
    <subfield code="a">ara</subfield>
  </datafield>
  <datafield tag="082" ind1=" " ind2=" ">
    <subfield code="a">297</subfield>
    <subfield code="b">SHA</subfield>
  </datafield>
  <datafield tag="245" ind1="0" ind2="0">
    <subfield code="a">Shar&#x1E25;ul 'Aqaidun Nasafiyah : /  &#x634;&#x631;&#x62D; &#x627;&#x644;&#x639;&#x642;&#x627;&#x649;&#x62F; &#x627;&#x644;&#x646;&#x633;&#x641;&#x64A;&#x647; </subfield>
  </datafield>
  <datafield tag="246" ind1=" " ind2=" ">
    <subfield code="a">Musallamuth Thub&#x16B;t : / &#x645;&#x633;&#x644;&#x645; &#x627;&#x644;&#x62B;&#x628;&#x648;&#x62A; </subfield>
  </datafield>
  <datafield tag="260" ind1=" " ind2=" ">
    <subfield code="a">Kanpur : </subfield>
    <subfield code="b">Qaiumi Press , </subfield>
    <subfield code="c">1925/1347 H. </subfield>
  </datafield>
  <datafield tag="300" ind1=" " ind2=" ">
    <subfield code="a">132 p. : </subfield>
  </datafield>
  <datafield tag="650" ind1=" " ind2="0">
    <subfield code="a"> Islamic Discourse </subfield>
    <subfield code="9">5142</subfield>
  </datafield>
  <datafield tag="942" ind1=" " ind2=" ">
    <subfield code="2">ddc</subfield>
    <subfield code="c">BK</subfield>
  </datafield>
  <datafield tag="952" ind1=" " ind2=" ">
    <subfield code="0">0</subfield>
    <subfield code="1">0</subfield>
    <subfield code="2">ddc</subfield>
    <subfield code="4">0</subfield>
    <subfield code="7">1</subfield>
    <subfield code="8">NFIC</subfield>
    <subfield code="a">ASL</subfield>
    <subfield code="b">ASL</subfield>
    <subfield code="c">GEN</subfield>
    <subfield code="d">2022-12-29</subfield>
    <subfield code="e">ASB Library Collection</subfield>
    <subfield code="h">A-0173</subfield>
    <subfield code="l">0</subfield>
    <subfield code="o">297 SHA</subfield>
    <subfield code="p">118200</subfield>
    <subfield code="r">2022-12-29 00:00:00</subfield>
    <subfield code="t">C-1</subfield>
    <subfield code="w">2022-12-29</subfield>
    <subfield code="y">BK</subfield>
    <subfield code="z">Y-1925</subfield>
  </datafield>
  <datafield tag="999" ind1=" " ind2=" ">
    <subfield code="c">29908</subfield>
    <subfield code="d">29908</subfield>
  </datafield>
</record>
